000 01034nam a2200289 i 4500
001 000021610
003 OSt
005 20230601114044.0
007 ta
008 100909s1975 dr 000 0 spa d
040 _aDO-SdBNP
_bspa
_cBNPHU
_erda
082 4 _a922.27293
_bM562f
_222
100 1 _aFrancasci, Amelia
_944980
245 1 0 _aMonseñor de Meriño íntimo /
_cAmelia Francasci ; prólogo Hugo Eduardo Polanco Brito.
264 _aSanto Domingo :
_bLibrería Dominicana,
_c1975.
300 _a300 páginas ;
_c21 cm.
336 _2rdacontent
_atexto
_btxt
337 _2rdamedia
_asin mediación
_bn
338 _2rdacarrier
_avolumen
_bnc
490 0 _aPensamiento dominicano
_v53
590 _aInventariado, 2023/MFF
600 1 4 _aMeriño, Fernando Arturo de,
_d 1833-1906.
_983461
610 1 4 _aIglesia Católica
_bArquidiócesis de Santo Domingo (República Dominicana)
_xHistoria
_983462
700 1 _aPolanco Brito, Hugo Eduardo,
_eprólogo
_944981
910 _aValidado. Control de calidad MFF
942 _2ddc
_cLBS1
999 _c21109
_d21109